Pokémon - Les attaques de Tauros de Paldea Race Flamboyante - Statistiques

Statistiques générales
  • Ce quiz a été pris 7 fois
  • Le résultat moyen est 12 sur 14
Statistiques - réponses
Niveaux Types Noms des attaques % Correct
Départ Normal Charge
100%
Niveau 60 Combat Close Combat
100%
Niveau 20 Normal Coup d'Boule
100%
Niveau 10 Combat Double Pied
100%
Départ Normal Mimi-Queue
100%
Niveau 15 Feu Nitrocharge
100%
Niveau 30 Psy Psykoud'Boul
100%
Niveau 40 Psy Repos
100%
Niveau 55 Feu Boutefeu
75%
Niveau 25 Normal Grimace
75%
Niveau 50 Normal Mania
75%
Niveau 35 Normal Taurogne
75%
Niveau 5 Normal Rengorgement
50%
Niveau 45 Normal Vantardise
50%
Aucun quiz correspondant
Distribution des résultats
% des personnes avec chaque résultat
Percentile par nombre de réponses
Votre historique - résultats
Vous n’avez pas pris ce quiz